[Event "Bern op"]
[Site "Bern"]
[Date "1992.??.??"]
[Round "4"]
[White "Klovans, Janis"]
[Black "Rozentalis, Eduardas"]
[Result "0-1"]
[WhiteElo "2410"]
[BlackElo "2585"]
[Annotator "Knaak,R"]
[PlyCount "80"]
[EventDate "1992.02.??"]
[EventType "swiss"]
[EventRounds "9"]
[EventCountry "SUI"]
[SourceTitle "CBM 028"]
[Source "ChessBase"]
[SourceDate "1992.06.01"]
[SourceVersion "1"]
[SourceVersionDate "1992.06.01"]
[SourceQuality "1"]

1. e4 e6 2. d4 d5 3. Nc3 Nc6 4. Nf3 Nf6 5. Bd3 Bb4 6. e5 Ne4 7. Bd2 Nxd2 8.
Qxd2 f6 9. a3 (9. exf6 Qxf6 10. Bb5 Bd7 (10... O-O $2 11. Bxc6 bxc6 12. O-O Bd6
13. Na4 Qg6 $6 14. Qc3 $16 {Enders-Roeder/Balatonbereny op/1988}) 11. Bxc6 Bxc6
12. O-O O-O $10) (9. Bb5 Bd7 10. Bxc6 Bxc6 11. a3 Bxc3 (11... Be7 $5) 12. Qxc3
Qe7 13. exf6 gxf6 14. O-O-O O-O-O 15. Rhe1 Be8 16. Nh4 $14 {Lau-Klinger/Munich
zt/1987}) 9... Be7 $1 10. Ne2 (10. h4 fxe5 11. dxe5 O-O 12. Qe2 Qe8 13. O-O-O
Qh5 14. Rde1 Bd7 15. Rh3 Rf4 16. Kb1 Raf8 17. Nd1 Kh8 18. c3 a6 $15 {
Chandler-Rozentalis/BL 9192/1991}) 10... fxe5 11. dxe5 O-O 12. h4 Rxf3 $1 13.
gxf3 Nxe5 14. Qe3 {N} (14. O-O-O Qf8 15. f4 Ng4 16. Ng1 $13 {Kuzmin,
G-Rozentalis/URS-ch/1990/CBM21-VC}) 14... Bd6 15. O-O-O Qf6 16. f4 Nxd3+ 17.
Qxd3 Bd7 18. h5 Rf8 19. h6 g6 20. Kb1 b5 21. Rhg1 c5 22. Nc3 Bxf4 23. Ne4 Qe7
24. Nxc5 Bxh6 (24... Qxc5 $2 25. Rxg6+ Kf7 (25... Kh8 26. Rg7 Rf5 27. Rxd7 $18)
26. Rg7+ Ke8 27. Qxh7 Qd6 28. Qg6+ Kd8 29. h7 $18) 25. Nxd7 Qxd7 $15 26. Qh3
Bf4 27. Rge1 Rf5 28. Re2 h5 29. Rde1 $2 e5 $17 30. Rd1 Kh7 31. Qd3 Kh6 $3 {
/\ _|_ -+} 32. c3 h4 33. Ree1 Rh5 34. Qxd5 Qxd5 35. Rxd5 h3 $19 36. Kc2 h2 37.
Rh1 Rg5 38. Rd8 Rg2 39. Kd3 Rxf2 40. Ke4 Kg5 {/\ Kg4-g3-g2} 0-1

[Event "URS-ch57"]
[Site "Leningrad"]
[Date "1990.??.??"]
[Round "?"]
[White "Kuzmin, Gennadi P"]
[Black "Rozentalis, Eduardas"]
[Result "1-0"]
[WhiteElo "2540"]
[BlackElo "2565"]
[Annotator "Knaak,R"]
[PlyCount "71"]
[EventDate "1990.10.??"]
[EventType "tourn"]
[EventRounds "13"]
[EventCountry "URS"]
[EventCategory "14"]
[SourceTitle "URS-ch"]
[Source "ChessBase"]
[SourceDate "1999.07.01"]
[SourceVersion "1"]
[SourceVersionDate "1999.07.01"]
[SourceQuality "1"]

1. e4 e6 2. d4 d5 3. Nc3 Nc6 4. Nf3 Nf6 5. e5 Ne4 6. Bd3 Bb4 7. Bd2 (7. O-O $6
Nxc3 8. bxc3 Bxc3 9. Rb1 h6 $1 $15) 7... Nxd2 8. Qxd2 f6 (8... Bd7 9. a3 Bxc3 (
9... Be7 $5) 10. Qxc3 f6 11. exf6 gxf6 12. O-O-O $14) (8... Be7 $5 {/\ 9...Nb4
(Haszai)}) 9. a3 (9. exf6 $1 Qxf6 10. Bb5) (9. Bb5 $5) 9... Be7 {N} 10. Ne2 O-O
11. h4 fxe5 $5 (11... Bd7) 12. dxe5 Rxf3 13. gxf3 Nxe5 $44 14. O-O-O $1 Qf8 (
14... Nxf3 15. Bxh7+ $1) 15. f4 Ng4 16. Ng1 Bd6 $6 (16... c5 $5) (16... e5 $5)
17. Nh3 Bd7 18. Kb1 Re8 19. Rhg1 Nf6 20. Ng5 $16 {->>>} Re7 21. Rde1 Kh8 22. c3
h6 23. Bg6 c6 24. Ka1 a6 25. Nf3 Be8 26. Bc2 Nh5 $6 27. Qd3 g6 28. Qd4+ Kh7 29.
Ne5 Nxf4 30. Rg4 Bxe5 31. Qxe5 Rf7 32. h5 Rf6 33. Reg1 b5 34. Rxf4 Rxf4 35.
hxg6+ Kg8 36. g7 1-0

[Event "Eksjo m 80 Jubilee"]
[Site "Eksjo"]
[Date "1993.??.??"]
[Round "2"]
[White "Hellers, Ferdinand"]
[Black "Andersson, Ulf"]
[Result "1-0"]
[WhiteElo "2565"]
[BlackElo "2625"]
[Annotator "Knaak,R"]
[PlyCount "59"]
[EventDate "1993.05.??"]
[EventType "match"]
[EventRounds "6"]
[EventCountry "SWE"]
[SourceTitle "CBM 036"]
[Source "ChessBase"]
[SourceDate "1993.10.01"]
[SourceVersion "1"]
[SourceVersionDate "1993.10.01"]
[SourceQuality "1"]

1. e4 e6 2. d4 d5 3. Nc3 dxe4 4. Nxe4 Bd7 5. Nf3 Bc6 6. Bd3 Nd7 7. O-O Ngf6 8.
Neg5 $1 Bxf3 (8... h6 $6 9. Nxe6 $1 fxe6 10. Bg6+ Ke7 11. Re1 $40 {(Dreev)}) (
8... Be7 $6 9. Nxf7 $1 Kxf7 10. Ng5+ Kg8 11. Nxe6 $40 {(Dreev)}) (8... Bd6 9.
Re1 h6 (9... O-O 10. Ne5 $16 {(Dreev)}) 10. Nh3 Bxf3 11. Qxf3 c6 12. Nf4 O-O
13. Nh5 Re8 14. Bd2 e5 $2 (14... Nxh5 $14) 15. Nxg7 $1 $40 {Dreev,A-Kortschnoj,
V/Brno/1992/}) 9. Qxf3 c6 10. Re1 Be7 11. c3 $14 Nf8 (11... O-O 12. Qh3 g6 (
12... h6 $2 13. Nxe6 fxe6 14. Qxe6+ Kh8 15. Qxe7 $18) 13. Bc4 $5) 12. Qh3 Qc7
13. g3 (13. Bd2 Bd6 14. b4 O-O-O 15. c4 Ng6 16. g3 Rhe8 17. Bc3 Kb8 18. Nf3 $16
e5 $2 19. Bxg6 exd4 20. Bxd4 hxg6 21. c5 Bf8 22. Be5 $18 {Topalov,V-Lozano,C/
Oviedo 45'/1992/}) 13... Bd6 14. c4 Qd7 15. Be3 h6 16. Rad1 N8h7 17. Nxh7 Nxh7
18. d5 $16 cxd5 19. cxd5 e5 (19... Nf8 20. Bd4 Rg8 21. Bf5 $18) 20. Bf5 Qe7 21.
f4 e4 (21... Bb4 22. Bd2 Qc5+ 23. Kh1 Qxd5+ 24. Be4 $18) 22. Bxe4 Nf6 23. Bb1
O-O 24. g4 Rfe8 25. g5 Bc5 26. Kh1 Bxe3 27. gxf6 Qc5 (27... gxf6 28. Rg1+ $18)
28. Qg3 g5 29. Qh3 Bd4 30. Qxh6 1-0

[Event "Balkaniad"]
[Site "Kavala"]
[Date "1990.??.??"]
[Round "1"]
[White "Lupu, Mircea Sergiu"]
[Black "Skalkotas, Nikolaos"]
[Result "1-0"]
[WhiteElo "2450"]
[BlackElo "2325"]
[Annotator "Knaak,R"]
[PlyCount "67"]
[EventDate "1990.10.??"]
[EventType "team"]
[EventRounds "6"]
[EventCountry "GRE"]
[SourceTitle "CBM 021"]
[Source "ChessBase"]
[SourceDate "1991.04.01"]
[SourceVersion "1"]
[SourceVersionDate "1991.04.01"]
[SourceQuality "1"]

1. e4 e6 2. d4 d5 3. exd5 exd5 4. Nf3 c5 $2 5. Nc3 $5 (5. Bb5+ Bd7 6. Qe2+ Qe7
7. Nc3 Bxb5 8. Qxe7+ Bxe7 9. Nxb5 Na6 10. Bf4 Nf6 11. O-O-O Ne4 12. Rhe1 Nxf2
13. Bd6 Ne4 14. dxc5 Bxd6 15. Nxd6+ Kf8 16. Rxd5 $18 {Maliutin-Komarov/
Kramatorsk/1989}) 5... cxd4 6. Bb5+ Bd7 7. Qe2+ Be7 8. Nxd5 Bc6 9. Nxe7 Nxe7
10. Bd3 $16 Na6 11. O-O Nc5 (11... O-O 12. Bxh7+ (12. Rd1 $1) 12... Kxh7 13.
Ng5+ Kg6 14. Qg4 f5 15. Qg3 f4 16. Bxf4 Nf5 17. Qg4 Nh6) 12. Re1 Bxf3 13. Qxf3
Nxd3 14. cxd3 Qd7 15. Bg5 f6 16. Bd2 Kf7 17. Re4 Nc6 18. Rae1 Rhd8 19. h4 Qd5
20. Bf4 Qb5 21. a4 Qb4 22. Qh5+ Kg8 23. Re8+ Rxe8 24. Rxe8+ Rxe8 25. Qxe8+ Qf8
26. Qe6+ Kh8 27. Bd6 Qd8 28. b4 h6 29. b5 Ne5 30. Bxe5 fxe5 31. Qxe5 Qxh4 32.
Qb8+ Kh7 33. Qxb7 Qf6 34. a5 1-0

[Event "St Petersburg op"]
[Site "St Petersburg"]
[Date "1994.??.??"]
[Round "6"]
[White "Fedorov, Alexei"]
[Black "Doroshkievich, Vladimir K"]
[Result "1/2-1/2"]
[WhiteElo "2505"]
[BlackElo "2410"]
[Annotator "Knaak,R"]
[PlyCount "68"]
[EventDate "1994.02.??"]
[EventType "swiss"]
[EventRounds "9"]
[EventCountry "RUS"]
[SourceTitle "CBM 041"]
[Source "ChessBase"]
[SourceDate "1994.08.01"]
[SourceVersion "1"]
[SourceVersionDate "1994.08.01"]
[SourceQuality "1"]

1. e4 e6 2. d4 d5 3. Nc3 dxe4 4. Nxe4 Nd7 5. Nf3 Ngf6 6. Nxf6+ Nxf6 7. Bd3 c5
8. dxc5 Bxc5 9. Qe2 O-O 10. Bg5 Qa5+ 11. c3 Qc7 $146 (11... Be7 12. Ne5 h6 13.
Bh4 Rd8 14. O-O Qc7 15. Rad1 b6 16. Rfe1 $14 {Karpow-Speelman/Reykjavik/1991/})
12. Bxf6 (12. O-O-O $13 {(Karpov)}) 12... gxf6 13. O-O-O b6 14. Qe4 (14. Bxh7+
Kxh7 15. Qe4+ (15. Ng5+ Kg7 $1) 15... f5 $1 (15... Kg8 16. Qg4+ Kh8 17. Ng5 $1
fxg5 (17... Rg8 18. Qh5+ Kg7 19. Qh7+ Kf8 20. Rd8+ Ke7 21. Qxf7+ Kxd8 22. Rd1+
$18) 18. Qh5+ Kg7 19. Qxg5+ Kh7 20. Rd3 e5 21. Rg3 $18) 16. Qh4+ (16. Qxa8 $2
Bb7 17. Qxa7 Ra8 $19) 16... Kg7 17. Qg5+ Kh7 18. Rd3 Ba6 $10) (14. Qd2 $5 Kg7
$1) 14... f5 15. Qh4 (15. Qxa8 $2 Bb7 16. Qxa7 b5 $1 17. Qxb7 Qxb7 $17) 15...
Be7 $1 16. Qh6 (16. Ng5 $2 h6 $1 17. Qxh6 Qf4+ $19) 16... Kh8 17. g4 Rg8 18.
gxf5 exf5 19. Kb1 Rg6 20. Qh5 (20. Qe3 $5) 20... Qf4 21. Nd4 Be6 22. Rhe1 Rd8
23. Re3 Bc5 24. Rf3 Qg5 25. Qxg5 Rxg5 26. Bc2 Rh5 27. h3 f4 28. Nxe6 Rxd1+ 29.
Bxd1 fxe6 30. b4 Bd6 31. Rd3 Rd5 32. Rxd5 exd5 33. a3 a5 34. Ka2 Kg7 1/2-1/2

[Event "FIDE-Wch k.o."]
[Site "New Delhi/Teheran"]
[Date "2000.11.29"]
[Round "1.4"]
[White "Macieja, Bartlomiej"]
[Black "Speelman, Jonathan S"]
[Result "1-0"]
[WhiteElo "2536"]
[BlackElo "2623"]
[Annotator "Kortschnoj,V"]
[PlyCount "77"]
[EventDate "2000.11.27"]
[EventType "k.o."]
[EventRounds "7"]
[EventCountry "IND"]
[SourceTitle "CBM 081"]
[Source "ChessBase"]
[SourceDate "2001.03.20"]
[SourceVersion "1"]
[SourceVersionDate "2001.03.20"]
[SourceQuality "1"]

1. e4 {Finkel,A} e6 2. d4 d5 3. Nc3 dxe4 4. Nxe4 Nd7 5. g3 {Finkel,A:
'Possible continuation, however without grave danger for black.'} Ngf6 6. Nxf6+
Nxf6 7. Bg2 c5 $6 {This move represents a real challenge - white is ready to
meet a skirmish on the queen side. Stronger is 7...e5.} 8. Nf3 Qb6 {A.novelty.
8...cd had been played before.} 9. O-O Bd7 {'!' Finkel,A. Finkel,A: 'It's
important to develop this bishop first otherwise black finds himself in
troubles.'} (9... Be7 $6 {Finkel,A} 10. dxc5 $1 (10. a4 a5 11. Be3 O-O 12. Ne5
Rd8 13. dxc5 Qxb2 14. Nd3 Qc3 15. Qc1 $13 {Todorovic,J-Kosic,D/JUG Cup 1998})
10... Bxc5 11. Ne5 O-O 12. Qe2 Rd8 13. c3 $14 {[%cal Gb2b4,Ga2a5] Ivanchuk,
V-Ljubojevic,L/Amber Rapidplay 2000}) 10. a4 $1 {'!?' Finkel,A. Finkel,A:
'Interesting attempt to fight for the advantage which succeeded only after a
number of inaccuracies of black.' Logical and strong. Any pawn move by black,
a7-a6 or a7-a5, would help white to proceed with his attack on the queen side.}
(10. c4 {Finkel,A} cxd4 11. Nxd4 Rd8 12. Nf3 Bc6 13. Qe2 Be7 14. Be3 Qc7 15.
Bf4 Qc8 $11 {Schula,M-Votruba,P/CZE-chT 1994}) (10. dxc5 {Finkel,A} Bxc5 11.
Ne5 Rd8 12. Qf3 Bc8 13. c3 Qc7 14. Re1 O-O 15. h4 Bd6 16. Nd3 $14 {Waitzkin,
J-Shamkovich,L/Marshall CC Winter Int. 1998}) 10... Bc6 (10... cxd4 {Finkel,A}
11. a5 Qc5 (11... Qc7 12. Bf4 Bd6 13. Bxd6 Qxd6 14. Qxd4 Qc7 15. Ne5 $14) 12.
Nxd4 Rd8 13. Be3 Qc7 14. Qe2 $14) 11. a5 Qc7 12. a6 Rd8 (12... Be7 {Finkel,A}
13. Bf4 Qc8 14. c3 O-O $11) 13. c3 b5 {'?!' Finkel,A.} ({After} 13... Bb5 {
would} 14. axb7 {very strong.}) ({And} 13... b6 {then} 14. Ne5 Bxg2 15. Qa4+ {
would be rather annoying.}) (13... cxd4 {Finkel,A} 14. Bf4 Bd6 15. Bxd6 Rxd6
16. Nxd4 O-O $11) 14. Qe2 {Ne5 is a threat.} c4 (14... Bd6 {Finkel,A} 15. Bg5
O-O 16. Bxf6 gxf6 17. Rfe1 Qb6 18. Qe3 $14) 15. b3 $1 Bd5 (15... cxb3 16. Ne5
Bxg2 17. Qxb5+ $16 (17. Qxb5+ {Finkel,A} Nd7 18. Kxg2 Rb8 (18... Qxc3 19. Bg5
f6 20. Nxd7 Rxd7 21. Rac1 $18) 19. Qc6 (19. Qxd7+ Qxd7 20. Nxd7 Kxd7 $15) 19...
Bd6 $1 (19... Qxc6+ $6 20. Nxc6 b2 21. Bxb2 Rxb2 22. Nxa7 {[%cal Ga7c8,Ga6a8]}
Rb8 (22... Bd6) 23. Nc6 Ra8 24. Rfb1 $14))) 16. Ne5 Be7 (16... Bxg2 {Finkel,A}
17. Kxg2 Nd5 18. bxc4 Nxc3 19. Qf3 Rxd4 20. Bf4 Bb4 21. Ng6 Rxf4 22. Nxf4 $16)
17. bxc4 bxc4 18. Bf4 Qc8 {'?!' Finkel,A.} (18... Bd6 {was a bit stronger.}) (
18... Bxg2 {Finkel,A} 19. Kxg2 Nd5 20. Bd2 Rc8 21. Rfb1 Nb6 $132) 19. Rfb1 O-O
{'?' Finkel,A. Finkel,A: 'Missing next move of white which actually decides
the game.'} (19... Bxg2 {Finkel,A} 20. Kxg2 Nd5 21. Qf3 (21. Rb7 Nxc3 22. Qf3
Nd5 23. Rxa7 O-O 24. Rb1 c3 $132) 21... O-O 22. Rb7 $14) 20. Rb7 {'+-!' Finkel,
A.} Bd6 (20... Bxg2 21. Rxe7 Ba8 22. Rxa7 Qb8 23. Rxf7 $1) 21. Rxa7 Bxg2 22.
Kxg2 Nd5 23. Qxc4 $18 Qxc4 24. Nxc4 Bxf4 25. gxf4 Rc8 (25... Nxf4+ 26. Kf3 Nd5
27. Ra3 Rc8 28. Nd6 Rxc3+ 29. Rxc3 Nxc3 30. Rxf7 Ra8 31. Rb7 $1 $18) 26. Ne3
Nxc3 (26... Nxf4+ 27. Kf3 Nd5 28. Nxd5 exd5 29. Ra3 $18) 27. Rd7 Ra8 28. a7 f6
29. Nc4 Nd5 30. f5 Rfc8 31. fxe6 Nf4+ 32. Kf3 Nxe6 33. Nb6 Rc3+ 34. Kg2 Rxa7
35. Rdxa7 h5 36. Nd5 Rd3 37. Re7 Nxd4 38. Nxf6+ Kf8 39. Rd7 1-0

[Event "Brno"]
[Site "Brno"]
[Date "1992.??.??"]
[Round "6"]
[White "Kortschnoj, Viktor Lvovich"]
[Black "Dreev, Alexey"]
[Result "1/2-1/2"]
[WhiteElo "2575"]
[BlackElo "2590"]
[Annotator "Kortschnoj,V"]
[PlyCount "41"]
[EventDate "1992.08.??"]
[EventType "tourn"]
[EventRounds "9"]
[EventCountry "CZE"]
[EventCategory "11"]
[SourceTitle "CBM 031"]
[Source "ChessBase"]
[SourceDate "1992.12.01"]
[SourceVersion "1"]
[SourceVersionDate "1992.12.01"]
[SourceQuality "1"]

1. e4 e6 2. d4 d5 3. Nc3 dxe4 4. Nxe4 Bd7 5. Nf3 Bc6 6. Bd3 Nd7 7. O-O {
7.De2 was a good alternative: if 7...Sgf6 8.Sf6 Df6? 9.Lg5 Lf3 10.De3,trapping
the queen.} Ngf6 8. Neg5 $1 {Not 8.Sf6 Df6! and black solves all his problems.}
Bd6 $1 {The most active.After 8...h6 9.Se6! fe 10.Lg6 white would have had a
winning attack,or 8...Le7 9.De2 O-O (9...h6!?) 10.Se5 with big advantage for
white.} 9. Re1 h6 10. Nh3 {10.Te6 looks promising: 10...fe 11.Se6 De7? 12.Lg6,
but 10...Kf8! refutes the sacrifice.} Bxf3 11. Qxf3 c6 12. Nf4 O-O $2 {Correct
was 12...Dc7 or 12...Da5,followed by O-O-O,with about equal chances.} 13. Nh5
Re8 14. Bd2 e5 $2 {Losing move.Black had to play 14...Sh5 15.Dh5 Sf6,gradually
preparing e6-e5 or c6-c5.} 15. Nxg7 $1 e4 (15... Kxg7 16. Qg3+ Kh8 17. Bxh6 Nh5
18. Qh3 Ndf6 19. Bg5 Kg7 20. g4 e4 21. gxh5 exd3 22. Qf5 $1 Rxe1+ 23. Rxe1 d2
24. h6+ Kf8 25. Bxd2 Be7 26. Bg5 Qd5 27. Qxd5 Nxd5 28. h7 Kg7 29. Bxe7 Re8 30.
Bb4 $18) 16. Qh3 $6 (16. Rxe4 $1 $18 Nxe4 (16... Rxe4 17. Nf5 Re6 18. Nxd6 Rxd6
$2 19. Qg3+ $18) 17. Nxe8 Nxd2 18. Qg4+ Kf8 19. Nxd6 $18) 16... Kxg7 17. Qxh6+
Kg8 18. Bc4 Re7 {Or 18...Sf8 19.Te3 Sg4 20.Dh5.} 19. Qg6+ $2 {White is missing
a win:19.Lb4!! Lb4 2O.Te3,or 19...c5 20.dc Le5 21.Tad1! and black is helpless.}
Kf8 20. Qh6+ Kg8 21. Qg5+ 1/2-1/2

[Event "FIDE-Wch k.o."]
[Site "Moscow"]
[Date "2001.12.11"]
[Round "6.3"]
[White "Ivanchuk, Vassily"]
[Black "Anand, Viswanathan"]
[Result "1/2-1/2"]
[WhiteElo "2731"]
[BlackElo "2770"]
[Annotator "Kostakiev,D"]
[PlyCount "53"]
[EventDate "2001.11.27"]
[EventType "k.o."]
[EventRounds "7"]
[EventCountry "RUS"]
[SourceTitle "CBM 086"]
[Source "ChessBase"]
[SourceDate "2002.02.05"]
[SourceVersion "1"]
[SourceVersionDate "2002.02.05"]
[SourceQuality "1"]

1. e4 e6 2. d4 d5 3. Nd2 dxe4 4. Nxe4 Nd7 {1890 - Albin. Statistic says: Black
has very small chances to win the game.(18%) and a lot of chances (40%) to
make a draw.} 5. Nf3 (5. g3 Ngf6 6. Nxf6+ Nxf6 7. Nf3 {1/2-1/2 Svidler,
P-Gelfand,B/Moscow RUS 2001/The Week in Chess 370 (20)}) 5... Ngf6 6. Nxf6+ (6.
Bd3 c5 (6... Nxe4 7. Bxe4 Nf6 8. Bd3 Bd6 {0-1 Meitner,P-Albin,A/Vienna 1890/
EXT 99 (41)}) 7. O-O cxd4 8. Nxd4 Nxe4 9. Bxe4 Nf6 {1/2-1/2 Shirov,A-Anand,V/
Moscow RUS 2001/The Week in Chess 370 (32)}) (6. Ng3 c5 7. Be2 cxd4 8. Nxd4 Bc5
9. Nb3 Be7 {0-1 Steinitz,W-Lasker,E/USA/CAN 1894/MainBase (76)}) 6... Nxf6 7.
Bd3 (7. Bc4 a6 8. Bg5 h6 9. Bh4 c5 10. Bb3 b5 {1/2-1/2 Ivanchuk,V-Anand,V/
Moscow RUS 2001/The Week in Chess 370 (43)}) 7... c5 8. dxc5 Bxc5 9. Qe2 O-O {
'?!' Rogers.} (9... Qc7 {(Rogers) is known to be safer.}) 10. Bd2 (10. Bg5 Qa5+
11. c3 Be7 12. Ne5 h6 {1-0 Karpov,A-Speelman,J/Reykjavik 1991/CBM 26/[Rogers] 
(52)} ({This was Speelman's idea - an improvement on the game Tal -Rogers, San
Francisco 1991, which had continued} 12... b6 $6 {Rogers} 13. Bb5 $1)) 10... e5
$146 (10... b6 11. O-O-O Bb7 12. Kb1 Qc7 13. Ne5 {0-1 Zarnicki,P-Hoffman,A/ARG
1995/CBM 49 (37)}) 11. O-O-O e4 12. Bxe4 Qe7 (12... Qb6 $5 13. Bc3 Nxe4 14.
Qxe4 Bxf2 15. Kb1 $14) 13. Rhe1 Qe6 14. a3 Nxe4 (14... Qa2 15. Bc3 Nxe4 16.
Qxe4 Bxf2 17. Re2 Bb6 18. Qd5 $14) 15. Qxe4 Bxf2 (15... Qa2 16. Bc3) 16. Re2 (
16. Ng5 Qxe4 17. Rxe4 $14) 16... Qxe4 17. Rxe4 $14 Be6 18. Be3 Bf5 19. Re7
Bxe3+ 20. Rxe3 Rfe8 21. Rde1 Rxe3 22. Rxe3 {Acording to Capablanca this P's
structure (PPP:PP on both sides!) the chaces to win are for the B's sides.
Here the draw for the N's side is promising the more active White's K and R .}
Kf8 23. Nd4 Bd7 24. Kd2 f6 25. c4 Rc8 26. Kd3 Kf7 27. g3 1/2-1/2